| 000 | 00589nam a22001817a 4500 | ||
|---|---|---|---|
| 005 | 20251108175635.0 | ||
| 008 | 250721s2013 xx 000 0 ara d | ||
| 082 | 1 | 4 | _a910.4/ساد |
| 100 | 1 |
_aسادلير، فورستر _eمؤلف |
|
| 245 | 1 | 0 | _aمذكرات عن رحلة عبر الجزيرة العربية / |
| 264 | 1 |
_aرمسيس : _bالهيئة المصرية العامة للكتاب، _c2013. |
|
| 300 | _a233ص. | ||
| 650 | 1 | 7 | _aادب الرحلات |
| 650 | 1 | 7 | _aالرحاله |
| 700 | 1 |
_aانس، الرفاعي _eمترجم |
|
| 942 |
_2ddc _cBK |
||
| 999 |
_c138928 _d138928 |
||